Distributed computing : (Record no. 18917)

MARC details
000 -LEADER
fixed length control field 01046nam a22002898a 4500
001 - CONTROL NUMBER
control field 015663930
003 - CONTROL NUMBER IDENTIFIER
control field OSt
005 - DATE AND TIME OF LATEST TRANSACTION
control field 20150120140741.0
008 - FIXED-LENGTH DATA ELEMENTS--GENERAL INFORMATION
fixed length control field 100930r20112008xxkadk fr2b f001 0 eng d
020 ## - INTERNATIONAL STANDARD BOOK NUMBER
International Standard Book Number 9780521189842 (pbk.)
020 ## - INTERNATIONAL STANDARD BOOK NUMBER
International Standard Book Number 0521189845 (pbk.)
040 ## - CATALOGING SOURCE
Original cataloging agency StDuBDS
Language of cataloging eng
Transcribing agency StDuBDS
Modifying agency EG-ScBUE
082 00 - DEWEY DECIMAL CLASSIFICATION NUMBER
Classification number 004.36
Edition number 22
Item number KSH
100 1# - MAIN ENTRY--PERSONAL NAME
Personal name Kshemkalyani, Ajay D.
9 (RLIN) 11317
245 10 - TITLE STATEMENT
Title Distributed computing :
Remainder of title principles, algorithms, and systems /
Statement of responsibility, etc Ajay D. Kshemkalyani and Mukesh Singhal.
250 ## - EDITION STATEMENT
Edition statement 1st ed.,
Remainder of edition statement reprinted.
260 ## - PUBLICATION, DISTRIBUTION, ETC. (IMPRINT)
Place of publication, distribution, etc Cambridge, United Kingdom ;
-- New York, United States :
Name of publisher, distributor, etc Cambridge University Press,
Date of publication, distribution, etc 2011.
300 ## - PHYSICAL DESCRIPTION
Extent xvii, 736 p. :
Other physical details charts, forms, tables ;
Dimensions 25 cm.
500 ## - GENERAL NOTE
General note Index : p. 731-736.
500 ## - GENERAL NOTE
General note Reprint of the 2008 ed.
504 ## - BIBLIOGRAPHY, ETC. NOTE
Bibliography, etc Includes bibliographical references.
650 #0 - SUBJECT ADDED ENTRY--TOPICAL TERM
Topical term or geographic name as entry element Electronic data processing
General subdivision Distributed processing
9 (RLIN) 4260
653 ## - INDEX TERM--UNCONTROLLED
Resource For college Engineering, Electrical
Arrived date list January2015
655 ## - INDEX TERM--GENRE/FORM
Form subdivision
-- 34232
700 1# - ADDED ENTRY--PERSONAL NAME
Personal name Singhal, Mukesh
9 (RLIN) 11319
942 ## - ADDED ENTRY ELEMENTS (KOHA)
Source of classification or shelving scheme Dewey Decimal Classification
Call number prefix 004.36 KSH
Holdings
Withdrawn status Item status Source of classification or shelving scheme Damaged status Not for loan Vendor Home library Current library Shelving location Date acquired Source of acquisition Cost, normal purchase price Serial Enumeration / chronology Total Checkouts Full call number Barcode Date last seen Cost, replacement price Koha item type
    Dewey Decimal Classification     Baccah Central Library Central Library Lower Floor 20/01/2015   321.00 21291   004.36 KSH 000037340 15/07/2025 401.00 Book - Borrowing